000 01828ngm a22003970a 4500
001 PT14902
003 AR-LpoUNG
005 20210202000140.0
007 vd cvaizq
008 191001s2003||||ag |||||||||||||||||spa d
037 _c$16.63
037 _c$7.6
040 _aAR-LpoUNG
_bspa
_cAR-LpoUNG
_eaacr
041 _aspa
044 _aag
082 0 _a982.064 83flo
100 1 _aOsores, Pablo
_edir.
245 1 0 _aFlores de septiembre :
_brecuerdos y memorias de una escuela secundaria en la dictadura
260 _aBuenos Aires :
_bEscuela Superior de Comercio Carlos Pellegrini,
_c2003.
300 _aVHS (109 min.) : son., col.
505 0 _aGuión: Roberto Testa ; producción: Nicolás Wainszelbaum ; música: Rafael Arcaute, Luis Alberto Spinetta.
520 _aSe narra la historia de una división de alumnos que ingresa a la escuela en 1973 y egresa en 1978. La película recupera la historia de tres alumnos a través de los testimonios de sus compañeros: la militancia política, la amistad, las anécdotas estudiantiles, la cotidianeidad, la pérdida y las ilusiones. Ellos tres, al igual que muchísimos otros jóvenes, fueron desaparecidos. Los relatos de los distintos protagonistas: docentes, autoridades, ex alumnos, familiares y estudiantes actuales, reelaboran y dan cuenta de los efectos de la dictadura y la represión en el ámbito de la escuela secundaria.
650 4 _aANALISIS HISTORICO
650 4 _aARGENTINA
650 4 _aDICTADURA
650 4 _aGOBIERNO MILITAR
650 4 _aHISTORIA
651 4 _aArgentina
653 _aCINE ARGENTINO
653 _aDOCUMENTALES
653 _aVIDEOS
710 2 _aDe este mundo (firma comercial)
710 2 _aUniversidad de Buenos Aires. Escuela Superior de Comercio Carlos Pellegrini
905 _a14902
942 _cVIDEO
999 _c54204
_d54204